000 00552nam a2200229Ia 4500
003 OSt
005 20220918214619.0
006 a|||||r|||| 00| 0
007 ta
008 220917b |||||||| |||| 00| 0 eng d
024 _a138,306
037 _cTextual
040 _aARTS
_cARTS
_beng
041 _2eng
_aeng
082 _aY, L4
100 _aBraude Lee
_9131951
245 0 _aSense of sociology
260 _aLondon
_bNelson
_c1974
650 _aSOCIOLOGY
942 _hY, L4
_cTEXL
_2CC
999 _c261357
_d261357